Výskum trhu

Gespeichert in:
Bibliographische Detailangaben
1. Verfasser: Kulčáková, Marta
Format: Buch
Sprache:Slowakisch
Veröffentlicht: Bratislava EU 1994
Ausgabe:1.vyd.
Schlagworte:
Tags: Tag hinzufügen
Keine Tags, Fügen Sie das erste Tag hinzu!

MARC

LEADER 00000nam a2200000 4500
001 c006039
005 20221214075528.2
020 |a 80-225-0576-5 
041 0 |a slo 
044 |a SK 
245 1 0 |a Výskum trhu  |c Marta Kulčáková a kol. 
250 |a 1.vyd. 
264 1 |a Bratislava  |b EU  |c 1994 
300 |a 208 s. 
610 2 0 |a výskum trhu 
610 2 0 |a marketing 
100 1 |a Kulčáková, Marta